| 000 | 00943cam a2200265 i 4500 | ||
|---|---|---|---|
| 001 | 18634213 | ||
| 003 | OSt | ||
| 005 | 20250416095359.0 | ||
| 008 | 150527t20162016moua b 001 0 eng | ||
| 020 | _a9780323312882 (paperback) | ||
| 040 |
_aDNLM/DLC _beng _cDLC _erda _dNUST |
||
| 050 | 0 | 0 | _aRC78.7.T6 SEE |
| 100 | 1 |
_aSeeram, Euclid _eAuthor |
|
| 245 | 1 | 0 |
_aComputed tomography : _bphysical principles, clinical applications, and quality control / _cEuclid Seeram. |
| 250 | _aFourth edition. | ||
| 260 |
_aSt. Louis, Missouri : _bElsevier, _c2016. |
||
| 300 |
_axxiii, 487 pages : _bIllustrations ; _c27 cm. |
||
| 336 |
_atext _2rdacontent _btxt |
||
| 337 |
_aunmediated _2rdamedia _bn |
||
| 338 |
_avolume _2rdacarrier _bnc |
||
| 504 | _aIncludes bibliographical references and index. | ||
| 650 | 0 | _vTomography. | |
| 650 | 0 | _vTomography, X-Ray Computed. | |
| 942 |
_2lcc _cBOOKS _eFourth edition. _hRC78.7.T6 SEE _kRC _mSEE _n0 |
||
| 999 |
_c171613 _d171613 |
||